Tennis - Tennisman américains - Mort Subite - Statistiques

Statistiques générales
  • Ce quiz a été pris 197 fois
  • Le résultat moyen est 11 sur 19
Answers on the Grid
Answers color-coded by a green-red scale on the quiz's grid according to % correct below.
Jack Draper
Taylor Fritz
Ben Shelton
Tommy Paul
Frances Tiafoe
Brandon Nakashima
Jordan Thompson
Marcos Giron
Sebastian Korda
Jacob Fearnley
Cameron Norrie
Aleksandar Kovačević
Mackenzie McDonald
Nishesh Basavareddy
James Duckworth
Tristan Schoolkate
Tristan Boyer
Daniel Evans
Alex de Minaur
Alex Michelsen
Learner Tien
Reilly Opelka
Ethan Quinn
Adam Walton
Emilio Nava
Christopher Eubanks
Liam Draxl
James McCabe
Kei Nishikori
Andre Agassi
John McEnroe
Roger Federer
 
Statistiques - réponses
Réponse % Correct
Taylor Fritz
77%
Frances Tiafoe
74%
John McEnroe
74%
Ben Shelton
72%
Andre Agassi
71%
Tommy Paul
70%
Reilly Opelka
67%
Sebastian Korda
66%
Christopher Eubanks
59%
Brandon Nakashima
58%
Alex Michelsen
57%
Mackenzie McDonald
57%
Learner Tien
54%
Marcos Giron
53%
Ethan Quinn
41%
Aleksandar Kovačević
38%
Emilio Nava
35%
Nishesh Basavareddy
35%
Tristan Boyer
33%
Aucun quiz correspondant
Distribution des résultats
% des personnes avec chaque résultat
Percentile par nombre de réponses
Votre historique - résultats
Vous n’avez pas pris ce quiz